000 00621cam a22002293a 4500
001 28594
003 PGUSA
005 20140828083622.0
008 090423s2009||||xxu|||||s|||||000 | eng d
040 _aPGUSA
_beng
042 _adc
050 4 _aSB
100 1 _aJones, B. W.
245 1 4 _aThe Peanut Plant :
_bIts Cultivation And Uses
_h[electronic resource] /
_cB. W. Jones
260 _bProject Gutenberg,
_c2009
506 _aPublic domain in the USA.
516 _aElectronic text
653 _aPeanuts
830 0 _aProject Gutenberg
_v28594
856 4 0 _uhttp://www.gutenberg.org/ebooks/28594
942 _cEB
999 _c257849
_d257849